00568nam a2200157 a 4500008004100000050001300041100001800054245005000072250001200122260003900134300001700173350000900190995008000199999001700279952011400296120416s1974 ||||||||||||||||| || u aTH 9 Sco aScott, John S14aThe Penguin dictionary of building. (2nd ed.) a2nd ed. aHarmondsworth, Eng.bPenguinc1974 a392p. : ill. a0.00 D0.00FCBU-MAIN LIBRARY (Kitwe)H1I0.00M1UREFERENCEZReference Collection c53269d53269 00102lcc4070a001b001cReference Collectiond2022-11-30l0oTH 9 Scop023274r2022-11-30w2022-11-30y002